000 00879nam a22002537a 4500
999 _c160972
_d160972
005 20190218155216.0
008 190218b ||||| |||| 00| 0 eng d
010 _aB-713080
020 _a9789380658742
_c399.00
035 _aB-713080
037 _bPansy Books
040 _adpl
_ben
050 _aN
082 _aN
100 _aAmish
245 _aThe immortals of Meluha/
_cby Amish
260 _aChennai
_bWestland Publications
270 _a61, 2nd Floor, Silveline Building, Alapakkam Main Road, Maduravoyal
_bChennai
_e6000095
300 _axvii,417p
_c20cm(pbk)
490 _aShiva Trilogy 1
500 _aIncludes glossary
942 _2ddc
_cEN
_hN
_mAMI